Travelling in, travelling out : (Record no. 4230)

MARC details
000 -LEADER
fixed length control field 00714cam a2200205 4500
001 - CONTROL NUMBER
control field 5061
005 - DATE AND TIME OF LATEST TRANSACTION
control field 20181127174710.0
008 - FIXED-LENGTH DATA ELEMENTS--GENERAL INFORMATION
fixed length control field 140621s2014 ii a 000 0 eng
010 ## - LIBRARY OF CONGRESS CONTROL NUMBER
LC control number 2014355330
020 ## - INTERNATIONAL STANDARD BOOK NUMBER
International Standard Book Number 9789350298237
245 00 - TITLE STATEMENT
Title Travelling in, travelling out :
Remainder of title a book of unexpected journeys /
Statement of responsibility, etc. edited by Namita Gokhale.
264 #1 - PRODUCTION, PUBLICATION, DISTRIBUTION, MANUFACTURE, AND COPYRIGHT NOTICE
Place of production, publication, distribution, manufacture Noida :
Name of producer, publisher, distributor, manufacturer HarperCollins Publishers,
Date of production, publication, distribution, manufacture, or copyright notice 2014.
300 ## - PHYSICAL DESCRIPTION
Extent xvii, 260 pages :
Other physical details illustrations ;
Dimensions 22 cm
336 ## - CONTENT TYPE
Content type term text
Content type code txt
Source rdacontent
337 ## - MEDIA TYPE
Media type term unmediated
Media type code n
Source rdamedia
650 ## - SUBJECT ADDED ENTRY--TOPICAL TERM
Topical term or geographic name entry element Travel writing.
Form subdivision
General subdivision
Chronological subdivision
Geographic subdivision
Source of heading or term
Topical term or geographic name entry element Voyages and travels --Literary collections.
Form subdivision
General subdivision
Chronological subdivision
Geographic subdivision
Source of heading or term
700 1# - ADDED ENTRY--PERSONAL NAME
Personal name Gokhale, Namita,
Dates associated with a name 1956-
Relator term editor.
Holdings
Withdrawn status Lost status Source of classification or shelving scheme Damaged status Not for loan Collection code Home library Current library Shelving location Serial Enumeration / chronology Inventory number Total Checkouts Full call number Barcode Date last seen Price effective from Koha item type
    Dewey Decimal Classification     Main TEST RTC Library RTC Library Main opac 8285   910.4 GOK 30009541 27/11/2018 27/11/2018 Main
Royal Thimphu College || All Right Reserved